Statistics for Moons of Jupiter

Click here to take the quiz!

General Stats

  • This quiz has been taken 962 times
    (944 since last reset)
  • The average score is 5 of 20

Answer Stats

Answer% Correct
Io
94%
Europa
83%
Ganymede
83%
Callisto
65%
Amalthea
22%
Himalia
16%
Thebe
15%
Adrastea
14%
Metis
14%
Carme
13%
Elara
13%
Leda
13%
Ananke
12%
Pasiphae
12%
Sinope
10%
Lysithea
9%
Themisto
8%
Callirrhoe
7%
Megaclite
7%
Praxidike
7%

Score Distribution

Percentile by Number Answered

Percent of People with Each Score

Your Score History

You have not taken this quiz since the last reset